000 00751nam a2200193Ii 4500
003 JO-AjNU
008 230605s9999||||xx |||||||||||||| ||und||
040 _aJO-AjNU
_bara
_erda
_cJO-AjNU
041 _aara
050 1 4 _aHF 5686 .C7.S23 1900Z
100 3 _aالصحن، عبدالفتاح، م.مشارك احمد بسيوني شحاته,
_eauthor
_945816
245 0 0 _aالمحاسبة في شركات الاشخاص والاموال
264 3 1 _aبيروت: دار النهضة العربية، 1900Z
300 _a630ص
_bيحتوي على ببلوغرافية من ص629-630ص
336 _atext
_btxt
_2rdacontent
337 _aunmediated
_bn
_2rdamedia
338 _avolume
_bnc
_2rdacarrier
650 4 _a محاسبة الشركات
_945817
999 _aA19887
_c23455
_d23455